Sardonic smile : nonverbal behavior in Homeric epic

Αποθηκεύτηκε σε:
Λεπτομέρειες βιβλιογραφικής εγγραφής
Κύριος συγγραφέας: Lateiner, Donald
Μορφή: Βιβλίο
Γλώσσα:English
Δημοσίευση: Ann Arbor : The University of Michigan Press, 1995
Θέματα:
Ετικέτες: Προσθήκη ετικέτας
Δεν υπάρχουν, Καταχωρήστε ετικέτα πρώτοι!

MARC

LEADER 00000nam a2200000 i 4500
001 1/84631
008 990625s1995 eng d
020 |a 0-472-10598-1 
035 |l 10051649 
040 |a GR-MY-UA  |b gre  |e aacr 
041 0 |a eng 
082 0 |a 883.01 
100 1 |a Lateiner, Donald. 
245 1 0 |a Sardonic smile :  |b nonverbal behavior in Homeric epic /  |c Donald Lateiner 
260 |a Ann Arbor :   |b The University of Michigan Press,   |c 1995 
300 |a 340 p. 
600 0 0 |a Homer  |x Knowledge  |x Psychology. 
650 0 0 |a Body language in literature. 
650 0 0 |a Epic poetry, Greek  |x History and criticism. 
650 0 0 |a Social interaction in literature. 
650 0 0 |a Poetry  |x Psychological aspects. 
852 |a INST  |b RHODES  |e 19990625  |h 883.01 LAT  |p 005400014655  |q 005400014655  |t BK  |y 0 
901 |a BIBL4-1999-2 
909 |a Ρ  |b 066224  |c 1999 
922 |a 4ΕΛΗ  |b 199906  |c ΚΠΣ/154  |d LEADER 
970 |a ΤΕΡΝΕΖΗΣ  |b ΧΡΗΣΤΟΣ  |z 19990625